[Event "Reykjavik op"]
[Site "Reykjavik"]
[Date "2023.03.30"]
[Round "2"]
[White "Kreutner, Maximilian"]
[Black "Beatty, Samuel"]
[Result "1-0"]
[WhiteElo "1860"]
[BlackElo "1571"]
[PlyCount "91"]
[EventDate "2023.03.29"]
[EventType "swiss"]
[EventRounds "9"]
[EventCountry "ISL"]
[SourceTitle "CBM 213 Extra"]
[Source "ChessBase"]
[SourceDate "2023.05.31"]
[SourceVersion "1"]
[SourceVersionDate "2023.05.31"]
[SourceQuality "1"]

1. e4 e6 2. d4 d5 3. Nd2 dxe4 4. Nxe4 Nd7 5. Bb5 c6 6. Bd3 Ngf6 7. Ne2 Nxe4 8. Bxe4 Nf6 9. Bf3 Be7 10. 0-0 0-0 11. c3 Re8 12. Ng3 Qc7 13. Re1 Bd7 14. Qc2 Rad8 15. Ne4 e5 16. dxe5 Qxe5 17. Nxf6+ Qxf6 18. Be3 c5 19. Bxb7 Bd6 20. g3 h5 21. h4 Bf5 22. Qc1 Qg6 23. Bg2 Be4 24. Bg5 f6 25. Bxe4 Rxe4 26. Rxe4 Qxe4 27. Bf4 Qe2 28. Qd1 Qxb2 29. Qd5+ Kh7 30. Qxh5+ Kg8 31. Qd5+ Kh7 32. Re1 Qxc3 33. Qh5+ Kg8 34. Re8+ Rxe8 35. Qxe8+ Kh7 36. Qh5+ Kg8 37. Qd5+ Kh7 38. Bxd6 c4 39. Bf4 Qa1+ 40. Kg2 Qxa2 41. h5 Qc2 42. h6 g5 43. Qf7+ Kxh6 44. Qxf6+ Qg6 45. Bxg5+ Kh5 46. g4+ 1-0